UBT Library

Raportimi dhe shkrimi i lajmeve / (Record no. 1077)

000 -LEADER
fixed length control field 00518nam a22001697a 4500
008 - FIXED-LENGTH DATA ELEMENTS--GENERAL INFORMATION
fixed length control field 150630b xxu||||| |||| 00| 0 alb d
020 ## - INTERNATIONAL STANDARD BOOK NUMBER
International Standard Book Number 9789928405180
041 0# - LANGUAGE CODE
Language code of text/sound track or separate title alb
080 ## - UNIVERSAL DECIMAL CLASSIFICATION NUMBER
Universal Decimal Classification number 655
245 ## - TITLE STATEMENT
Title Raportimi dhe shkrimi i lajmeve /
Statement of responsibility, etc Brian S. Brooks; Geroge Kennedy; Daryl R. Moen;
260 ## -
-- Tiranë :
-- Botimet IDK;
-- 2005.
300 ## -
-- 453 f.:
-- me il.;
-- 24 cm.
500 ## -
-- Parathënie për instruktorët: f.3-4
500 ## -
-- Parathënie për studentët: f. 5-6
650 #0 -
-- Masmedia
942 ## - ADDED ENTRY ELEMENTS (KOHA)
Source of classification or shelving scheme
Item type Books
Holdings
Withdrawn status Lost status Source of classification or shelving scheme Damaged status Not for loan Collection code Permanent location Current location Shelving location Date acquired Total Checkouts Full call number Date last seen Price effective from Koha item type
          Koleksioni i përgjithshem UBT - Prishtine UBT - Prishtine Koleksioni i përgjithshem 06/30/2015   655 BRO 06/30/2015 06/30/2015 Books
UBT Library © 2015-2024. All rights reserved University Education for Business and Technology